000
00338nam a2200145Ia 4500
008
230718s9999 xx 000 0 und d
041
_a
Eng.
082
_a
343057
_b
ABI-T
100
_a
Abid, S.A
245
4
_a
The Stamp (Act No '' of c899)
260
_a
Pakistan
_b
Law bode bceche
_c
2003
300
_a
132
650
_a
Law
999
_c
28315
_d
28315